Luna de plata / (Registro nro. 7431)

Detalles MARC
000 -LEADER
fixed length control field 01462nam a2200325 a 4500
001 - CONTROL NUMBER
control field 000000351
003 - CONTROL NUMBER IDENTIFIER
control field DO-SdBNP
005 - DATE AND TIME OF LATEST TRANSACTION
control field 20230428112531.0
007 - PHYSICAL DESCRIPTION FIXED FIELD--GENERAL INFORMATION
fixed length control field 000000351
008 - FIXED-LENGTH DATA ELEMENTS--GENERAL INFORMATION
fixed length control field 081204s2009 dr a 001 0 spa d
020 ## - INTERNATIONAL STANDARD BOOK NUMBER
International Standard Book Number 9789993456117
040 ## - CATALOGING SOURCE
Original cataloging agency BPMSU
Language of cataloging spa
Transcribing agency BPMSU
049 ## - LOCAL HOLDINGS (OCLC)
Holding library
Copy statement
082 #4 - DEWEY DECIMAL CLASSIFICATION NUMBER
Classification number RD861.5
Item number G146L 2007
Edition number 22
100 1# - MAIN ENTRY--PERSONAL NAME
Personal name Galán, Bismar
245 10 - TITLE STATEMENT
Title Luna de plata /
Statement of responsibility, etc. Bismar Galán.
250 ## - EDITION STATEMENT
Edition statement 2a. ed.
260 ## - PUBLICATION, DISTRIBUTION, ETC. (IMPRINT)
Place of publication, distribution, etc. Santo Domingo :
Name of publisher, distributor, etc. Norma,
Date of publication, distribution, etc. 2009
300 ## - PHYSICAL DESCRIPTION
Extent 46 p. :
Other physical details il. ;
Dimensions 19 cm.
440 0# - SERIES STATEMENT/ADDED ENTRY--TITLE
Title Torre de Papel Naranja
500 ## - GENERAL NOTE
General note Incluye datos biográficos del autor en la contracubierta
505 0# - FORMATTED CONTENTS NOTE
Title Dedicatoria --
-- Abuelo dime por qué --
-- Nido --
-- Dice abuela --
-- Coqueta --
-- En la ventana --
-- Dibujo --
-- Piloto --
-- Juego de noche --
-- Primavera --
-- La lluvia --
-- Música --
-- Danza --
-- Alegría --
-- Arcoiris --
-- Cuando la lluvia se esconde --
-- Daniela quiere saber --
-- Hermanito, dilo tú --
-- Mariposa --
-- Conversación --
-- Payaso --
-- Visita --
-- Ronda --
-- Bola de cristal --
-- Hay un conejo en la luna --
-- Hojas-peces --
-- Libertad --
-- Ángeles --
-- Allá, donde el sol se duerme --
-- Papalote --
-- Humo --
-- Sueño --
-- Escarabajo --
-- Manzanas de oro --
-- Abuelo va a regresar.
650 #4 - SUBJECT ADDED ENTRY--TOPICAL TERM
Topical term or geographic name as entry element Poesía infantil cubana
650 #4 - SUBJECT ADDED ENTRY--TOPICAL TERM
Topical term or geographic name as entry element Literatura infantil cubana
910 ## - USER-OPTION DATA (OCLC)
User-option data VMateo V. Control de calidad (BPMSU)
930 #1 - EQUIVALENCE OR CROSS-REFERENCE-UNIFORM TITLE HEADING [LOCAL, CANADA]
Language of a work
Medium of performance for music
Field link and sequence number
Date of a work
Name of part/section of a work
930 #1 - EQUIVALENCE OR CROSS-REFERENCE-UNIFORM TITLE HEADING [LOCAL, CANADA]
Language of a work
Medium of performance for music
Field link and sequence number
Date of a work
Name of part/section of a work
Medium
942 ## - ADDED ENTRY ELEMENTS (KOHA)
Source of classification or shelving scheme Dewey Decimal Classification
Koha item type Libros
956 ## - LOCAL ELECTRONIC LOCATION AND ACCESS (OCLC)
Host name
Access number
Compression information
Logon
Processor of request
Existencias
Withdrawn status Lost status Source of classification or shelving scheme Damaged status Not for loan Collection code Home library Current library Date acquired Source of acquisition Full call number Barcode Date last seen Price effective from Koha item type Copy number
    Dewey Decimal Classification     Colección Infantil Dominicana Biblioteca Pública Metropolitana Salomé Ureña Biblioteca Pública Metropolitana Salomé Ureña 02/17/2015 Donación BPMSU CDI Cu861.5 G146L 2007 BPMSU15041360 02/17/2015 02/17/2015 Libros  
    Dewey Decimal Classification     Colección Infantil Dominicana Biblioteca Pública Metropolitana Salomé Ureña Biblioteca Pública Metropolitana Salomé Ureña 02/17/2015 Donación BPMSU CDI Cu861.5 G146L 2007 BPMSU15041361 02/17/2015 02/17/2015 Libros e.2
    Dewey Decimal Classification     Colección Infantil Dominicana Biblioteca Pública Metropolitana Salomé Ureña Biblioteca Pública Metropolitana Salomé Ureña 02/17/2015 Donación BPMSU CDI Cu861.5 G146L 2007 BPMSU15041362 02/17/2015 02/17/2015 Libros e.3